Epitome, compendiosaq[ue] introductio in libros arithmeticos diui Seuerini Boetij (Record no. 114197)

MARC details
000 -LEADER
fixed length control field 01060cam a22002055a 4500
001 - CONTROL NUMBER
control field L156347
008 - FIXED-LENGTH DATA ELEMENTS--GENERAL INFORMATION
fixed length control field 120515s1503 fr f 000 0 eng d
035 ## - SYSTEM CONTROL NUMBER
System control number (Sirsi) u156347
041 0# - LANGUAGE CODE
Language code of text/sound track or separate title lat
100 1# - MAIN ENTRY--PERSONAL NAME
Personal name Lefevre d'Etaples, Jacques
Dates associated with a name d. 1536
245 00 - TITLE STATEMENT
Title Epitome, compendiosaq[ue] introductio in libros arithmeticos diui Seuerini Boetij
Remainder of title adiecto familiari commentario dilucidata
Statement of responsibility, etc. [Iacobus Faber Stapuliensis]. Praxis numerandi certis quibusdam regulis constricta / [Iudochus Clichtoueus]. Introductio in geometriam breuiusculis annotationibus explanata ... / [Carolus Bouillus]. Insuper Astronomicon / [Iacobus Faber Stapuliensis].
260 ## - PUBLICATION, DISTRIBUTION, ETC.
Place of publication, distribution, etc. [Paris]
Name of publisher, distributor, etc. Id opus impresserut Volphgangus Hopilius et Henricus Stephanus ea in arte focii in almo Parisiorum studio ...
Date of publication, distribution, etc. [27 June] 1503
300 ## - PHYSICAL DESCRIPTION
Extent cxii leaves
Other physical details ill.
Dimensions 29 cm. (fol.)
583 ## - ACTION NOTE
Action Condition reviewed
Time/date of action 20120620
Status condition level 2
651 #4 - SUBJECT ADDED ENTRY--GEOGRAPHIC NAME
Geographic name International
690 ## - LOCAL SUBJECT ADDED ENTRY--TOPICAL TERM (OCLC, RLIN)
Topical term or geographic name as entry element Measurement
9 (RLIN) 6256
700 1# - ADDED ENTRY--PERSONAL NAME
Personal name Bovillus, Carolus
Dates associated with a name 1479-1567
700 1# - ADDED ENTRY--PERSONAL NAME
Personal name Clichtove, Josse
Dates associated with a name d. 1543
942 ## - ADDED ENTRY ELEMENTS (KOHA)
Suppress in OPAC 0
Holdings
Withdrawn status Lost status Source of classification or shelving scheme Damaged status Not for loan Home library Current library Shelving location Date acquired Total Checkouts Full call number Barcode Date last seen Copy number Price effective from Koha item type
    Dewey Decimal Classification     Historic collection Historic collection Historic collection 15/05/2012   QUARTO 1503 LEFEVRE 30078003 06/08/2019 1 06/08/2019 Book